České bankovnictví v roce 5

Vývoj českého, resp. československého bankovníctva od r. 1990. Stabilita finančného sektora. Stabilita bánk a stabilita klientov. Slabosť kapitálového trhu. Súkromný finančný sektor a Česká národná banka.

Salvato in:
Dettagli Bibliografici
Autore principale: Tuček, M.
Natura: Capitolo di libro
Lingua:ceco
Soggetti:
Tags: Aggiungi Tag
Nessun Tag, puoi essere il primo ad aggiungerne!!

MARC

LEADER 00000naa a2200000 4500
001 r015607
005 20221213081842.0
041 0 |a cze 
044 |a CZ 
245 1 0 |a České bankovnictví v roce 5  |c M. Tuček 
520 |a Vývoj českého, resp. československého bankovníctva od r. 1990. Stabilita finančného sektora. Stabilita bánk a stabilita klientov. Slabosť kapitálového trhu. Súkromný finančný sektor a Česká národná banka. 
610 2 0 |a bankovníctvo 
610 2 0 |a banky 
610 2 0 |a trh kapitálový 
610 2 0 |a Česko 
100 1 |a Tuček, M.